000 00799nab a2200241 u 4500
001 16624
003 HDC
007 cr bn ---aaaaa
008 210221c20100203xx dr|noo 0 a eng d
040 _aHDC
245 0 _aIs CSR a helpful tool for a brand in the Muslim consumer segment?
260 _a[No place] :
_b[publisher not identified],
_c2010
336 _atext
_2rdacontent
337 _acomputer
_2rdamedia
338 _aonline resource
_2rdacarrier
650 _abrand identity
_916352
650 _aMuslim consumer
_9584
710 _aHalal Focus
856 _zRequest full-text at [email protected]
942 _2lcc
942 _cNEWS
942 _kNWSO 005721
999 _c13940
_d13940